[Event "57..ITA Provinciale VE"]
[Site "Mestre"]
[Date "1997.11.29"]
[Round "3.5"]
[White "Ruaro, Luca"]
[Black "Roberti, Ignazio"]
[Result "1/2-1/2"]
[WhiteElo "1600"]
[BlackElo "1721"]
[Annotator "Gabriele Ballarin"]
[PlyCount "129"]
[EventDate "1997.11.28"]
[EventType "swiss"]
[EventRounds "5"]
[EventCountry "ITA"]
[SourceTitle "EXT 2001"]
[Source "ChessBase"]
[SourceDate "2000.11.22"]
[SourceVersion "1"]
[SourceVersionDate "2000.11.22"]
[SourceQuality "1"]

1. Nf3 c5 2. c4 Nc6 3. Nc3 g6 4. b3 Bg7 5. Bb2 e6 6. g3 Nge7 7. Bg2 d5 8. cxd5 exd5 9. Na4 Bxb2 10. Nxb2 O-O 11. O-O Nf5 12. e3 b6 13. d4 cxd4 14. Nxd4 Ncxd4 15. exd4 Bb7 16. Nc4 dxc4 17. Bxb7 Rb8 18. Be4 Nxd4 19. bxc4 Re8 20. Bd5 Ne2+ 21. Kg2 Nc3 22. Qf3 Nxd5 23. cxd5 Qd6 24. Rac1 Rbc8 25. Rc6 Rxc6 26. dxc6 Rc8 27. Rc1 Rc7 28. Qc3 Qd5+ 29. Kg1 Qxa2 30. Qe5 Rc8 31. c7 Qe6 32. Qxe6 fxe6 33. Kg2 Kf7 34. Kf3 Ke7 35. Ke4 Kd6 36. f4 Rxc7 37. Rd1+ Ke7 38. g4 Rc5 39. h4 a5 40. Rb1 b5 41. Kd4 Rc4+ 42. Ke5 b4 43. f5 exf5 44. gxf5 Rc5+ 45. Kd4 Rxf5 46. Re1+ Kd7 47. Re4 h6 48. Kc4 g5 49. hxg5 hxg5 50. Kb3 Kd6 51. Rg4 Kc5 52. Ka4 Kb6 53. Re4 Rc5 54. Re6+ Rc6 55. Re5 Rg6 56. Rxa5 g4 57. Kxb4 g3 58. Ra1 Kc6 59. Kc4 Kb6 60. Kd4 Kb5 61. Ke3 Kc4 62. Kf3 Kd3 63. Kg2 Ke3 64. Ra3+ Kf4 65. Rf3+ 1/2-1/2

[Event "57..ITA Provinciale VE"]
[Site "Mestre"]
[Date "1997.11.29"]
[Round "3.6"]
[White "Del Monaco, Andrea"]
[Black "Vastano, Ciro"]
[Result "1-0"]
[WhiteElo "1766"]
[BlackElo "1200"]
[Annotator "Gabriele Ballarin"]
[PlyCount "57"]
[EventDate "1997.11.28"]
[EventType "swiss"]
[EventRounds "5"]
[EventCountry "ITA"]
[SourceTitle "EXT 2001"]
[Source "ChessBase"]
[SourceDate "2000.11.22"]
[SourceVersion "1"]
[SourceVersionDate "2000.11.22"]
[SourceQuality "1"]

1. e4 e6 2. d4 d5 3. Nc3 Bb4 4. exd5 exd5 5. Bd3 Nc6 6. Nge2 Bg4 7. f3 Bh5 8. O-O Qf6 9. Nxd5 Qd6 10. c4 Qd7 11. Bf4 Bd6 12. Re1 O-O-O 13. Bxd6 Qxd6 14. Be4 Nf6 15. c5 Qe6 16. Nef4 Qd7 17. Nxf6 Qxd4+ 18. Qxd4 Nxd4 19. N6xh5 g6 20. Nf6 Ne6 21. Nxe6 fxe6 22. Rad1 Rdf8 23. Ng4 h5 24. Ne5 Re8 25. b4 g5 26. b5 b6 27. cxb6 axb6 28. Re3 Rhg8 29. Ra3 1-0

[Event "57..ITA Provinciale VE"]
[Site "Mestre"]
[Date "1997.11.29"]
[Round "3.7"]
[White "Rocchi, Riccardo"]
[Black "Viola, Matteo"]
[Result "0-1"]
[WhiteElo "1600"]
[BlackElo "1844"]
[Annotator "Gabriele Ballarin"]
[PlyCount "64"]
[EventDate "1997.11.28"]
[EventType "swiss"]
[EventRounds "5"]
[EventCountry "ITA"]
[SourceTitle "EXT 2001"]
[Source "ChessBase"]
[SourceDate "2000.11.22"]
[SourceVersion "1"]
[SourceVersionDate "2000.11.22"]
[SourceQuality "1"]

1. Nf3 f5 2. b3 d6 3. Bb2 e5 4. e3 Nf6 5. Be2 Be7 6. d3 O-O 7. Nbd2 Nc6 8. O-O Bd7 9. c4 Qe8 10. a3 Qg6 11. Re1 e4 12. dxe4 fxe4 13. Nd4 Bh3 14. Bf1 Ne5 15. Qc2 Nd3 16. Re2 c5 17. Nb5 Ng4 18. Nxe4 Nxb2 19. Qxb2 Qxe4 20. gxh3 Ne5 21. Bg2 Nf3+ 22. Kh1 Bf6 23. Nc3 Qf5 24. Rd1 Be5 25. Rd5 Qg6 26. Qc2 Bxc3 27. Bxf3 Rxf3 28. Qxc3 Raf8 29. Qc2 Qh6 30. Qd2 R8f6 31. e4 Qxh3 32. Rxd6 Qf1# 0-1

[Event "57..ITA Provinciale VE"]
[Site "Mestre"]
[Date "1997.11.29"]
[Round "3.8"]
[White "Caprini, Giuliano"]
[Black "Vianello, Giuseppe"]
[Result "0-1"]
[WhiteElo "1200"]
[BlackElo "1570"]
[Annotator "Gabriele Ballarin"]
[PlyCount "27"]
[EventDate "1997.11.28"]
[EventType "swiss"]
[EventRounds "5"]
[EventCountry "ITA"]
[SourceTitle "EXT 2001"]
[Source "ChessBase"]
[SourceDate "2000.11.22"]
[SourceVersion "1"]
[SourceVersionDate "2000.11.22"]
[SourceQuality "1"]

1. e4 e5 2. Nf3 Nc6 3. Bb5 Qf6 4. O-O Bc5 5. Nc3 Nge7 6. d3 O-O 7. a3 Nd4 8. Be3 d6 9. b4 Bb6 10. h3 Nxf3+ 11. Qxf3 Qxf3 12. gxf3 Bxh3 13. Rfe1 c6 14. Ba4 0-1

[Event "57..ITA Provinciale VE"]
[Site "Mestre"]
[Date "1997.11.30"]
[Round "4.3"]
[White "Velluti, Alberto"]
[Black "Friselle, Mirko"]
[Result "1-0"]
[WhiteElo "1400"]
[BlackElo "1604"]
[Annotator "Gabriele Ballarin"]
[PlyCount "79"]
[EventDate "1997.11.28"]
[EventType "swiss"]
[EventRounds "5"]
[EventCountry "ITA"]
[SourceTitle "EXT 2001"]
[Source "ChessBase"]
[SourceDate "2000.11.22"]
[SourceVersion "1"]
[SourceVersionDate "2000.11.22"]
[SourceQuality "1"]

1. d4 Nf6 2. c4 d6 3. Nc3 g6 4. Nf3 Bg7 5. e4 O-O 6. Bd3 Nc6 7. O-O e5 8. d5 Ne7 9. Be3 Ng4 10. Bg5 f5 11. h3 Nf6 12. exf5 gxf5 13. Bc2 Qe8 14. Re1 Qh5 15. Bxf6 Rxf6 16. Ne2 f4 17. Nc3 Bxh3 18. gxh3 Qxh3 19. Ng5 Qh4 20. Bxh7+ Kh8 21. Nce4 f3 22. Re3 Qg4+ 23. Kf1 Raf8 24. Nxf6 Qg2+ 25. Ke1 Qg1+ 26. Kd2 Qxf2+ 27. Kd3 Rxf6 28. Be4 Bh6 29. Qh1 Qxb2 30. Rxf3 Qd4+ 31. Ke2 Qb2+ 32. Kd3 Qd4+ 33. Kc2 Qxc4+ 34. Kb1 Qb4+ 35. Kc1 Qc4+ 36. Bc2 Rxf3 37. Qxh6+ Kg8 38. Qh7+ Kf8 39. Ne6+ Ke8 40. Qh8+ 1-0

[Event "57..ITA Provinciale VE"]
[Site "Mestre"]
[Date "1997.11.30"]
[Round "4.5"]
[White "Alburno, Franco"]
[Black "Ruaro, Luca"]
[Result "1/2-1/2"]
[WhiteElo "1500"]
[BlackElo "1600"]
[Annotator "Gabriele Ballarin"]
[PlyCount "131"]
[EventDate "1997.11.28"]
[EventType "swiss"]
[EventRounds "5"]
[EventCountry "ITA"]
[SourceTitle "EXT 2001"]
[Source "ChessBase"]
[SourceDate "2000.11.22"]
[SourceVersion "1"]
[SourceVersionDate "2000.11.22"]
[SourceQuality "1"]

1. e4 c6 2. d4 d5 3. Nd2 dxe4 4. Nxe4 Bf5 5. Ng3 Bg6 6. c3 e6 7. Nf3 c5 8. Bb5+ Nc6 9. Bxc6+ bxc6 10. O-O Nf6 11. Ne5 Qb6 12. Nxg6 hxg6 13. Ne2 O-O-O 14. Rb1 cxd4 15. cxd4 Ng4 16. h3 Qc7 17. Bf4 Bd6 18. Ng3 Bxf4 19. Qxg4 Rxd4 20. Rbd1 Rxd1 21. Qxd1 f5 22. Qe2 e5 23. Rd1 Bxg3 24. fxg3 Qb6+ 25. Kh2 e4 26. Rd6 Qb5 27. Qc2 Kc7 28. Rxg6 Rd8 29. Rxg7+ Rd7 30. Rxd7+ Kxd7 31. h4 Qd3 32. Qa4 e3 33. Qxa7+ Kd6 34. Qb8+ Kc5 35. Qf8+ Kc4 36. h5 e2 37. Qf7+ Qd5 38. Qe7 Kd3 39. h6 Qxa2 40. Qd6+ Qd5 41. Qa3+ Kd2 42. Qc3+ Kd1 43. h7 e1=Q 44. Qxe1+ Kxe1 45. h8=Q Kf2 46. Qh3 Qe5 47. Qh4 Qxb2 48. Qf4+ Ke2 49. Qxf5 Qh8+ 50. Qh3 Qe5 51. Qg4+ Kd2 52. Qf4+ Qe3 53. Kh3 c5 54. Kh4 Kd3 55. Qxe3+ Kxe3 56. g4 c4 57. g5 c3 58. g6 c2 59. g7 c1=Q 60. g8=Q Qh1+ 61. Kg3 Qe1+ 62. Kh3 Qh1+ 63. Kg3 Qe1+ 64. Kg4 Qe2+ 65. Kh4 Qf2+ 66. Kg5 1/2-1/2

[Event "57..ITA Provinciale VE"]
[Site "Mestre"]
[Date "1997.11.30"]
[Round "4.6"]
[White "Vastano, Ciro"]
[Black "Cherin, Dario"]
[Result "0-1"]
[WhiteElo "1200"]
[BlackElo "1400"]
[Annotator "Gabriele Ballarin"]
[PlyCount "62"]
[EventDate "1997.11.28"]
[EventType "swiss"]
[EventRounds "5"]
[EventCountry "ITA"]
[SourceTitle "EXT 2001"]
[Source "ChessBase"]
[SourceDate "2000.11.22"]
[SourceVersion "1"]
[SourceVersionDate "2000.11.22"]
[SourceQuality "1"]

1. e4 e5 2. Nf3 d6 3. Bc4 Nf6 4. d3 c6 5. Bg5 Be7 6. c3 Bg4 7. Nbd2 O-O 8. d4 exd4 9. cxd4 Nxe4 10. Nxe4 d5 11. Bxe7 Qxe7 12. O-O dxe4 13. Qb3 exf3 14. Rfe1 Qc7 15. Re4 Bh5 16. Rae1 Qb6 17. Bxf7+ Bxf7 18. Qxf3 Nd7 19. Re7 Nf6 20. R7e5 Rfe8 21. Qg3 Qxd4 22. Rxe8+ Rxe8 23. Rxe8+ Nxe8 24. h3 Qd1+ 25. Kh2 Qd6 26. f4 h6 27. Kh1 Nf6 28. Qe3 b6 29. g3 Qd1+ 30. Kh2 Bd5 31. Qe8+ Nxe8 0-1

[Event "57..ITA Provinciale VE"]
[Site "Mestre"]
[Date "1997.11.30"]
[Round "4.8"]
[White "Rocchi, Riccardo"]
[Black "Caprini, Giuliano"]
[Result "1-0"]
[WhiteElo "1600"]
[BlackElo "1200"]
[Annotator "Gabriele Ballarin"]
[PlyCount "100"]
[EventDate "1997.11.28"]
[EventType "swiss"]
[EventRounds "5"]
[EventCountry "ITA"]
[SourceTitle "EXT 2001"]
[Source "ChessBase"]
[SourceDate "2000.11.22"]
[SourceVersion "1"]
[SourceVersionDate "2000.11.22"]
[SourceQuality "1"]

1. Nf3 Nc6 2. g3 d5 3. Bg2 Nf6 4. O-O e6 5. d3 Be7 6. Nbd2 O-O 7. e4 d4 8. a4 e5 9. Nc4 Bg4 10. h3 Bxf3 11. Qxf3 Qd7 12. Qe2 Kh8 13. f4 exf4 14. Bxf4 Ng8 15. h4 Bf6 16. Kh2 Rfe8 17. Bh3 Qe7 18. Rae1 Ne5 19. Nxe5 Bxe5 20. Bxe5 Qxe5 21. Rxf7 Rf8 22. Ref1 Nf6 23. Rxf8+ Rxf8 24. Qf2 Qd6 25. Kg2 c6 26. Qf4 Qd8 27. Qd2 Qd6 28. Qa5 Qb8 29. Qb4 Rd8 30. g4 b6 31. g5 Nh5 32. Rf3 Nf4+ 33. Kh1 Nxh3 34. Rxh3 c5 35. Qd2 Qe5 36. Rf3 Kg8 37. Qf4 Qe7 38. Kg2 Rf8 39. Qxf8+ Qxf8 40. Rxf8+ Kxf8 41. Kg3 Kf7 42. Kf4 Ke6 43. b3 a6 44. h5 a5 45. h6 g6 46. Kg4 Ke5 47. Kf3 Ke6 48. Kf4 Kd6 49. e5+ Ke6 50. Ke4 Ke7 1-0

[Event "57..ITA Provinciale VE"]
[Site "Mestre"]
[Date "1997.11.30"]
[Round "5.1"]
[White "Del Monaco, Andrea"]
[Black "Vianello, Enrico"]
[Result "1-0"]
[WhiteElo "1766"]
[BlackElo "1591"]
[Annotator "Gabriele Ballarin"]
[PlyCount "75"]
[EventDate "1997.11.28"]
[EventType "swiss"]
[EventRounds "5"]
[EventCountry "ITA"]

1. Nf3 Nf6 2. d4 d5 3. c4 c6 4. Nc3 dxc4 5. a4 Bf5 6. e3 e6 7. Bxc4 Bb4 8. O-O Nbd7 9. Qe2 O-O 10. Rd1 Qe7 11. Nh4 Bg4 12. f3 Bh5 13. g4 Bg6 14. Nxg6 hxg6 15. e4 e5 16. d5 Bxc3 17. d6 Bd4+ 18. Rxd4 Qd8 19. Rd1 Qa5 20. Bd2 Qc5+ 21. Be3 Qb4 22. h4 Nb6 23. Bxb6 Qxb6+ 24. Kg2 Rad8 25. h5 gxh5 26. g5 Nh7 27. g6 Nf6 28. f4 exf4 29. Bxf7+ Rxf7 30. gxf7+ Kxf7 31. e5 Ng4 32. e6+ Kf6 33. Ra3 Ne3+ 34. Rxe3 fxe3 35. e7 Rh8 36. Rd3 Ke6 37. e8=Q+ Rxe8 38. Rxe3+ 1-0

[Event "57..ITA Provinciale VE"]
[Site "Mestre"]
[Date "1997.11.30"]
[Round "5.2"]
[White "Maccapan, Fabio"]
[Black "Velluti, Alberto"]
[Result "1/2-1/2"]
[WhiteElo "1837"]
[BlackElo "1400"]
[Annotator "Gabriele Ballarin"]
[PlyCount "72"]
[EventDate "1997.11.28"]
[EventType "swiss"]
[EventRounds "5"]
[EventCountry "ITA"]
[SourceTitle "EXT 2001"]
[Source "ChessBase"]
[SourceDate "2000.11.22"]
[SourceVersion "1"]
[SourceVersionDate "2000.11.22"]
[SourceQuality "1"]

{[%evp 0,50,31,31,23,13,25,15,37,8,23,15,24,36,43,9,9,9,9,14,35,2,81,70,81,57,51,47,73,52,70,65,83,72,65,71,103,41,71,48,59,31,20,31,31,28,28,23,23,-7,-7,-7,-7]} 1. e4 e5 2. Nf3 Nc6 3. Bb5 Bc5 4. c3 a6 5. Bxc6 dxc6 6. Nxe5 Qg5 7. d4 Qxg2 8. Qf3 Qxf3 9. Nxf3 Be7 10. Rg1 g6 11. Bf4 Bd6 12. e5 Be7 13. Nbd2 Bf5 14. Nc4 O-O-O 15. Ne3 Be4 16. Ng5 Bxg5 17. Bxg5 Re8 18. Rg4 Bd5 19. Nxd5 cxd5 20. Rf4 h6 21. Bf6 Nxf6 22. Rxf6 Rhf8 23. Kd2 Re6 24. Rxe6 fxe6 25. Ke3 g5 26. Rg1 Rf4 27. f3 Rh4 28. Rg2 b5 29. b3 c6 30. a3 Kb7 31. b4 Kb6 32. Kf2 a5 33. Kg3 a4 34. Rf2 Rf4 35. h3 Kc7 36. Rh2 Rh4 1/2-1/2

[Event "57..ITA Provinciale VE"]
[Site "Mestre"]
[Date "1997.11.30"]
[Round "5.4"]
[White "Viola, Matteo"]
[Black "Cherin, Dario"]
[Result "1-0"]
[WhiteElo "1844"]
[BlackElo "1400"]
[Annotator "Gabriele Ballarin"]
[PlyCount "21"]
[EventDate "1997.11.28"]
[EventType "swiss"]
[EventRounds "5"]
[EventCountry "ITA"]
[SourceTitle "EXT 2001"]
[Source "ChessBase"]
[SourceDate "2000.11.22"]
[SourceVersion "1"]
[SourceVersionDate "2000.11.22"]
[SourceQuality "1"]

1. d4 Nf6 2. Nc3 d5 3. e4 Nxe4 4. Nxe4 dxe4 5. Bc4 h5 6. c3 e5 7. Qb3 Qd7 8. Nh3 Be7 9. Bxf7+ Kf8 10. dxe5 Qd3 11. Nf4 1-0

[Event "57..ITA Provinciale VE"]
[Site "Mestre"]
[Date "1997.11.30"]
[Round "5.6"]
[White "Ruaro, Luca"]
[Black "Vastano, Ciro"]
[Result "1-0"]
[WhiteElo "1600"]
[BlackElo "1200"]
[Annotator "Gabriele Ballarin"]
[PlyCount "67"]
[EventDate "1997.11.28"]
[EventType "swiss"]
[EventRounds "5"]
[EventCountry "ITA"]
[SourceTitle "EXT 2001"]
[Source "ChessBase"]
[SourceDate "2000.11.22"]
[SourceVersion "1"]
[SourceVersionDate "2000.11.22"]
[SourceQuality "1"]

1. Nf3 d5 2. c4 e6 3. cxd5 exd5 4. d4 Nf6 5. Nc3 Bb4 6. Bg5 O-O 7. e3 Bg4 8. Be2 h6 9. Bh4 g5 10. Bg3 Nh5 11. Ne5 Bxe2 12. Qxe2 Nxg3 13. hxg3 Kg7 14. Qh5 Qf6 15. Ng4 Qc6 16. Qxh6+ Qxh6 17. Rxh6 Rh8 18. Rxh8 Kxh8 19. O-O-O Nd7 20. Rh1+ Kg7 21. Nxd5 f5 22. Nxb4 fxg4 23. f4 c5 24. dxc5 Nxc5 25. Rd1 Ne4 26. Rd7+ Kf6 27. Kc2 Rc8+ 28. Kd1 Nxg3 29. Rxb7 Rd8+ 30. Kc2 Rc8+ 31. Kb3 a5 32. Rb6+ Kf5 33. Rb5+ Ke4 34. Re5# 1-0

[Event "57..ITA Provinciale VE"]
[Site "Mestre"]
[Date "1997.11.30"]
[Round "5.7"]
[White "Roberti, Ignazio"]
[Black "Rocchi, Riccardo"]
[Result "1-0"]
[WhiteElo "1721"]
[BlackElo "1600"]
[Annotator "Gabriele Ballarin"]
[PlyCount "81"]
[EventDate "1997.11.28"]
[EventType "swiss"]
[EventRounds "5"]
[EventCountry "ITA"]
[SourceTitle "EXT 2001"]
[Source "ChessBase"]
[SourceDate "2000.11.22"]
[SourceVersion "1"]
[SourceVersionDate "2000.11.22"]
[SourceQuality "1"]

1. e4 d6 2. d4 g6 3. c4 Bg7 4. Nc3 Nf6 5. f3 O-O 6. Be3 Nc6 7. Nge2 a6 8. Ng3 Rb8 9. Qd2 Bd7 10. Rc1 e5 11. d5 Nd4 12. Nge2 Nxe2 13. Bxe2 Ne8 14. O-O f5 15. b4 f4 16. Ba7 Ra8 17. Bf2 Rf7 18. c5 Bf8 19. cxd6 cxd6 20. a4 Rg7 21. b5 a5 22. b6 Nf6 23. Nb5 Ne8 24. Nc7 Nxc7 25. Rxc7 Bxa4 26. Rfc1 Rxc7 27. Rxc7 Bb3 28. Qc1 a4 29. Qa3 Rc8 30. Rxb7 Rc2 31. Bd3 Rd2 32. Bf1 Rd1 33. Rc7 Qa8 34. Rc1 Rxc1 35. Qxc1 a3 36. Bb5 a2 37. Qa1 Qa5 38. Bf1 Qd2 39. Be1 Qd1 40. Qxd1 Bxd1 41. Bc3 1-0

[Event "57..ITA Provinciale VE"]
[Site "Mestre"]
[Date "1997.11.30"]
[Round "5.8"]
[White "Caprini, Giuliano"]
[Black "Liubich, Fabrizio"]
[Result "0-1"]
[WhiteElo "1200"]
[BlackElo "1600"]
[Annotator "Gabriele Ballarin"]
[PlyCount "63"]
[EventDate "1997.11.28"]
[EventType "swiss"]
[EventRounds "5"]
[EventCountry "ITA"]
[SourceTitle "EXT 2001"]
[Source "ChessBase"]
[SourceDate "2000.11.22"]
[SourceVersion "1"]
[SourceVersionDate "2000.11.22"]
[SourceQuality "1"]

{[%evp 0,47,23,23,68,66,76,44,109,87,87,88,120,97,96,94,135,100,100,94,158,128,173,99,99,99,151,11,184,167,190,190,229,192,195,141,188,188,168,145,145,154,148,78,131,95,122,125,144,70]} 1. e4 c6 2. d4 d5 3. Nc3 g6 4. e5 Bg7 5. Nf3 Bg4 6. h3 Bxf3 7. Qxf3 e6 8. Bd3 Nd7 9. O-O c5 10. Nb5 Bf8 11. Nd6+ Bxd6 12. exd6 Qf6 13. Qg3 h6 14. dxc5 Nxc5 15. Bb5+ Nd7 16. Bxd7+ Kxd7 17. Qa3 Qd4 18. Be3 Qc4 19. c3 Nf6 20. Bd4 Ne4 21. b3 Qc6 22. Bxh8 Rxh8 23. Rac1 Nxd6 24. Qb2 e5 25. c4 e4 26. Qe2 Re8 27. Rfe1 d4 28. Qg4+ Nf5 29. b4 e3 30. b5 Qe6 31. f3 d3 32. Rcd1 {Nur} 0-1

[Event "57.Camp. Veneto Quarti di Finale"]
[Site "Santa Maria di Sala"]
[Date "1998.06.05"]
[Round "1"]
[White "Sanavio, Giancarlo"]
[Black "Tiengo, Davide"]
[Result "0-1"]
[WhiteElo "1627"]
[BlackElo "1953"]
[Annotator "Gabriele Ballarin"]
[PlyCount "42"]
[EventDate "1998.06.05"]
[EventType "tourn"]
[EventRounds "6"]
[EventCountry "ITA"]

1. Nf3 d5 2. g3 Nf6 3. Bg2 c5 4. b3 Nc6 5. Bb2 e6 6. O-O Be7 7. d3 O-O 8. Nbd2 Qc7 9. e4 d4 10. c3 dxc3 11. Bxc3 Rd8 12. Qc2 Qd7 13. Ne1 b6 14. Ndf3 Bb7 15. Rd1 Nxe4 16. Ne5 Nxe5 17. Bxe5 Nf6 18. Nf3 Bd5 19. d4 Qb7 20. Ng5 Bxg2 21. Bxf6 Bxf6 0-1

[Event "57.Camp. Veneto Quarti di Finale"]
[Site "Santa Maria di Sala"]
[Date "1998.06.05"]
[Round "1"]
[White "Zotti, Enrico"]
[Black "Del Monaco, Andrea"]
[Result "1-0"]
[WhiteElo "1722"]
[BlackElo "1789"]
[Annotator "Gabriele Ballarin"]
[PlyCount "111"]
[EventDate "1998.06.05"]
[EventType "tourn"]
[EventRounds "6"]
[EventCountry "ITA"]

1. e4 c5 2. Nf3 e6 3. d4 cxd4 4. Nxd4 Nf6 5. Nc3 Nc6 6. Nxc6 bxc6 7. Bd3 d5 8. e5 Nd7 9. Bf4 g5 10. Bg3 h5 11. h4 Rb8 12. Rb1 Rb4 13. a3 gxh4 14. axb4 hxg3 15. Rxh5 gxf2+ 16. Kf1 Bg7 17. Rxh8+ Bxh8 18. Qh5 Bxe5 19. Na4 Qf6 20. c3 Bd6 21. Rd1 e5 22. Rd2 e4 23. Rxf2 Qg7 24. Be2 Nf6 25. Qh4 Ke7 26. g4 e3 27. Rg2 Qg6 28. Ke1 Ba6 29. Bxa6 Qb1+ 30. Ke2 Qc2+ 31. Kf1 Qxa4 32. Be2 Kd7 33. g5 Ne4 34. Qe1 Nd2+ 35. Kg1 Kc7 36. Bd1 Nb3 37. Qxe3 Kd7 38. Bxb3 Qa1+ 39. Kf2 Qxb2+ 40. Kf3 Qxb3 41. Qxa7+ Bc7 42. Qd4 Qb1 43. Kg4 Qf1 44. Rd2 Bd6 45. b5 Qxb5 46. Rf2 Ke8 47. Qh8+ Bf8 48. Qf6 Qa4+ 49. Kh5 Kd7 50. Qxf7+ Be7 51. Re2 Qa3 52. Qe6+ Kd8 53. Qxc6 Qb3 54. g6 Qd1 55. Qb6+ Kd7 56. Qb7+ 1-0

[Event "57.Camp. Veneto Quarti di Finale"]
[Site "Santa Maria di Sala"]
[Date "1998.06.06"]
[Round "2"]
[White "Del Monaco, Andrea"]
[Black "Tiengo, Davide"]
[Result "1-0"]
[WhiteElo "1789"]
[BlackElo "1953"]
[Annotator "Gabriele Ballarin"]
[PlyCount "35"]
[EventDate "1998.06.05"]
[EventType "tourn"]
[EventRounds "6"]
[EventCountry "ITA"]

1. e4 e6 2. d4 d5 3. Nc3 Nf6 4. Bg5 Be7 5. e5 Nfd7 6. Bxe7 Kxe7 7. Qg4 Qf8 8. Nf3 f5 9. Qf4 Kd8 10. O-O-O b6 11. Bd3 Ba6 12. g4 Bxd3 13. Rxd3 g6 14. gxf5 Qxf5 15. Qxf5 gxf5 16. Rg1 Nc6 17. Rg7 Nf8 18. Ng5 1-0

[Event "57.Camp. Veneto Quarti di Finale"]
[Site "Santa Maria di Sala"]
[Date "1998.06.06"]
[Round "2"]
[White "Zotti, Enrico"]
[Black "Sanavio, Giancarlo"]
[Result "1-0"]
[WhiteElo "1722"]
[BlackElo "1627"]
[Annotator "Gabriele Ballarin"]
[PlyCount "41"]
[EventDate "1998.06.05"]
[EventType "tourn"]
[EventRounds "6"]
[EventCountry "ITA"]

1. e4 Nf6 2. e5 Nd5 3. d4 d6 4. f4 Bf5 5. Nf3 Nc6 6. Be2 dxe5 7. fxe5 h6 8. O-O e6 9. a3 a6 10. c4 Nb6 11. Nc3 Na5 12. b3 c5 13. d5 exd5 14. cxd5 c4 15. bxc4 Bc5+ 16. Kh1 Naxc4 17. Bxc4 Nxc4 18. Qa4+ b5 19. Nxb5 Ne3 20. Nd6+ Kf8 21. Bxe3 1-0

[Event "57.Camp. Veneto Quarti di Finale"]
[Site "Santa Maria di Sala"]
[Date "1998.06.06"]
[Round "3"]
[White "Sanavio, Giancarlo"]
[Black "Del Monaco, Andrea"]
[Result "0-1"]
[WhiteElo "1627"]
[BlackElo "1789"]
[Annotator "Gabriele Ballarin"]
[PlyCount "76"]
[EventDate "1998.06.05"]
[EventType "tourn"]
[EventRounds "6"]
[EventCountry "ITA"]

1. Nf3 f5 2. g3 Nf6 3. Bg2 g6 4. d3 Bg7 5. O-O O-O 6. c3 Nc6 7. Bg5 h6 8. Bxf6 Bxf6 9. Nbd2 e5 10. e4 d6 11. Ne1 Be6 12. exf5 gxf5 13. Bh3 Bg7 14. Ng2 d5 15. Rc1 Qd7 16. Nb3 b6 17. d4 e4 18. Nf4 Bf7 19. Kh1 Rae8 20. g4 Qd6 21. Qd2 fxg4 22. Bxg4 Nd8 23. Rg1 Ne6 24. Nh5 Bxh5 25. Bxh5 Ng5 26. Rxg5 hxg5 27. Bxe8 Rxe8 28. Qxg5 Rf8 29. Rg1 Rf7 30. h4 Qf4 31. Qd8+ Kh7 32. Rg2 c6 33. Qe8 Rf6 34. a4 Rh6 35. h5 Qf3 36. Kg1 Qd1+ 37. Kh2 Rxh5+ 38. Kg3 Qf3# 0-1

[Event "57.Camp. Veneto Quarti di Finale"]
[Site "Santa Maria di Sala"]
[Date "1998.06.06"]
[Round "3"]
[White "Tiengo, Davide"]
[Black "Zotti, Enrico"]
[Result "1/2-1/2"]
[WhiteElo "1953"]
[BlackElo "1722"]
[Annotator "Gabriele Ballarin"]
[PlyCount "117"]
[EventDate "1998.06.05"]
[EventType "tourn"]
[EventRounds "6"]
[EventCountry "ITA"]

1. e4 c5 2. c3 d5 3. exd5 Qxd5 4. d4 Nf6 5. Nf3 Nc6 6. Be2 e6 7. O-O Be7 8. Na3 O-O 9. Nb5 Ne8 10. dxc5 Qxd1 11. Rxd1 Bxc5 12. Bf4 f6 13. Nd6 Nxd6 14. Bxd6 Bxd6 15. Rxd6 Kf7 16. Rad1 Ke7 17. Bb5 Rd8 18. Rxd8 Nxd8 19. Bd3 g6 20. h4 e5 21. h5 gxh5 22. Bxh7 Bg4 23. Rd5 Be6 24. Ra5 Nc6 25. Ra4 Rd8 26. Be4 Bd5 27. Bxd5 Rxd5 28. Rh4 Rd1+ 29. Kh2 Ke6 30. Rxh5 Rb1 31. b4 Rb2 32. a4 Rxf2 33. Rh7 Ne7 34. Rh8 Ng6 35. Rb8 Nf4 36. Nh4 e4 37. Kg3 Rf1 38. Re8+ Kd5 39. c4+ Kd4 40. Nf5+ Kd3 41. Rd8+ Kc3 42. Nd6 e3 43. Re8 e2 44. Nxb7 e1=Q+ 45. Rxe1 Rxe1 46. Kxf4 Kxc4 47. Na5+ Kxb4 48. Nc6+ Kxa4 49. Nxa7 Rc1 50. Kf5 Ka5 51. g4 Kb6 52. Kxf6 Rf1+ 53. Ke7 Kxa7 54. g5 Rg1 55. Kf6 Kb7 56. g6 Kc7 57. g7 Kd7 58. Kf7 Rf1+ 59. Kg6 1/2-1/2

[Event "57.Camp. Veneto Quarti di Finale"]
[Site "Santa Maria di Sala"]
[Date "1998.06.06"]
[Round "4"]
[White "Del Monaco, Andrea"]
[Black "Zotti, Enrico"]
[Result "1-0"]
[WhiteElo "1789"]
[BlackElo "1722"]
[Annotator "Gabriele Ballarin"]
[PlyCount "55"]
[EventDate "1998.06.05"]
[EventType "tourn"]
[EventRounds "6"]
[EventCountry "ITA"]

1. e4 c5 2. Nf3 d6 3. d4 cxd4 4. Nxd4 Nf6 5. Nc3 a6 6. Bc4 e5 7. Nf3 Be7 8. O-O O-O 9. Bg5 Nbd7 10. Qe2 b5 11. Bb3 Bb7 12. Bxf6 Nxf6 13. Rfd1 Qc7 14. Nd5 Nxd5 15. exd5 Rac8 16. a4 b4 17. a5 Qc5 18. Ra4 Bd8 19. Qe4 Bxa5 20. Ng5 g6 21. Qh4 h5 22. Ne4 Qc7 23. Nf6+ Kg7 24. Nxh5+ gxh5 25. Qg5+ Kh7 26. Qxh5+ Kg7 27. Qg5+ Kh7 28. Rd3 1-0

[Event "57.Camp. Veneto Quarti di Finale"]
[Site "Santa Maria di Sala"]
[Date "1998.06.06"]
[Round "4"]
[White "Tiengo, Davide"]
[Black "Sanavio, Giancarlo"]
[Result "1-0"]
[WhiteElo "1953"]
[BlackElo "1627"]
[Annotator "Gabriele Ballarin"]
[PlyCount "53"]
[EventDate "1998.06.05"]
[EventType "tourn"]
[EventRounds "6"]
[EventCountry "ITA"]

1. e4 Nf6 2. e5 Nd5 3. c4 Nb6 4. d4 d6 5. f4 dxe5 6. fxe5 Bf5 7. Nc3 e6 8. Nf3 Be7 9. Be3 O-O 10. Be2 f6 11. O-O Nc6 12. exf6 Bxf6 13. Qd2 Qe8 14. Bg5 Rd8 15. Bxf6 Rxf6 16. Qe3 Bg4 17. Rad1 Bxf3 18. Rxf3 Rxf3 19. gxf3 Qg6+ 20. Kh1 Qf6 21. Ne4 Qh4 22. Ng5 e5 23. d5 h6 24. Ne6 Nd4 25. Nxd8 Nc2 26. Rg1 Qe7 27. Qc3 1-0

[Event "57.Camp. Veneto Quarti di Finale"]
[Site "Santa Maria di Sala"]
[Date "1998.06.07"]
[Round "5"]
[White "Sanavio, Giancarlo"]
[Black "Zotti, Enrico"]
[Result "0-1"]
[WhiteElo "1627"]
[BlackElo "1722"]
[Annotator "Gabriele Ballarin"]
[PlyCount "72"]
[EventDate "1998.06.05"]
[EventType "tourn"]
[EventRounds "6"]
[EventCountry "ITA"]

1. Nf3 Nf6 2. c4 g6 3. Nc3 Bg7 4. e4 d6 5. d4 O-O 6. Be2 e5 7. d5 c6 8. Bg5 h6 9. Bh4 g5 10. Bg3 cxd5 11. cxd5 Nbd7 12. Nd2 Re8 13. Nb3 Nf8 14. f3 Ng6 15. Qd2 Nh5 16. O-O-O Nxg3 17. hxg3 a6 18. Kb1 b5 19. Bd3 Bd7 20. Ne2 a5 21. f4 exf4 22. gxf4 Bg4 23. g3 Bxe2 24. Qxe2 Qf6 25. e5 dxe5 26. Bxb5 Reb8 27. Nc5 Qb6 28. Na6 Rxa6 29. Bxa6 exf4 30. Rd2 Qd6 31. Bd3 fxg3 32. Rc1 Nf4 33. Qe4 Nxd3 34. Qxd3 Qe5 35. b3 a4 36. Rc3 Qxc3 0-1